| 000 | 00716nam a2200217Ia 4500 | ||
|---|---|---|---|
| 005 | 20240530110941.0 | ||
| 008 | 140319s1983 xx 000 0 ara d | ||
| 020 | _a9770204765 | ||
| 040 |
_aGCL / _cGCL |
||
| 082 | 0 | 4 |
_a921.1 / _bع ا |
| 100 | 1 | _aعبدالرءوف مخلوف | |
| 245 | 1 | 0 |
_aابن رشيق القيروانى / _cعبدالرءوف مخلوف |
| 260 |
_aالقاهرة : _bدار المعارف، _c1983 |
||
| 300 |
_a119 ص؛ _c20 سم |
||
| 490 |
_aنوابغ الفكر العربى _v( 32 ) |
||
| 650 | 0 | 4 | _aالتراجم |
| 650 | 0 | 4 | _aالادب العربى |
| 650 | 0 | 4 | _aابن رشيق القيروانى |
| 942 |
_2ddc _cBK |
||
| 999 |
_c66830 _d66830 |
||